Statistics for 1998 year quiz

Click here to take the quiz!

General Stats

  • This quiz has been taken 51 times
  • The average score is 6 of 10

Answer Stats

HintAnswer% Correct
This film starring Leonardo di Caprio and Kate Winslet wins best pictureTitanic
94%
US congress moves to impeach the president over an affair with this internMonica Lewinsky
88%
Agreement signed on Good Friday brings peace to this placeNorthern Ireland
69%
This ruler and his family are buried 80 years after they were shotNicholas II of Russia
67%
This archetypal crooner diesFrank Sinatra
65%
Venezuela elects this socialist former general as presidentHugo Chavez
59%
Bombings at US embassies in Africa kill 224, masterminded by this manOsama bin Laden
55%
The race to beat a 1961 home runs record is won by this Cardinals sluggerMark McGwire
37%
This World Cup winning striker is bornKylian Mbappe
33%
War starts in this country, killing 5.4 million before its 2003 endDemocratic Republic of the Congo
16%

Score Distribution

Percentile by Number Answered

Percent of People with Each Score

Your Score History

You have not taken this quiz